000 00419nam a22001697a 4500
003 MPLRDC
005 20220104142830.0
008 210129b ||||| |||| 00| 0 eng d
082 _a490.8 SYR v.19
100 _aGERARD I. NIERENBERG著; 黄土译
245 _a交涉必胜术
_c
260 _a
_b国家出版社
_c1978
300 _b
490 _a生意人丛刊;19
650 _a
942 _cBK
_o490.8 SYR v.19
999 _c34078
_d34068